| 000 | 00606nam a2200169 i 4500 | ||
|---|---|---|---|
| 001 | 183641 | ||
| 003 | ES-MaACL | ||
| 005 | 20230915192757.0 | ||
| 008 | 140912s1871 sp |||| | spa d | ||
| 100 | 1 |
_aCárdenas, Francisco de, _d1816-1898 _935138 |
|
| 245 | 1 | 0 |
_aMemoria histórica de los trabajos de la Comisión de Codificación... / _cponente Francisco de Cárdenas. |
| 260 |
_aMadrid : _b[s.n.], _c1871. |
||
| 610 | 2 |
_aEspaña. _bComisión General de Codificación. _93041 |
|
| 650 | 4 |
_aDerecho civil- _xCodificación- _zEspaña. _9161858 |
|
| 852 |
_aES-MaACL _jT-1264-F-1 |
||
| 999 |
_c183641 _d183641 |
||